000 00743nam a2200253Ia 4500
003 OSt
005 20220918174853.0
006 a|||||r|||| 00| 0
007 ta
008 220917b |||||||| |||| 00| 0 eng d
024 _a14,479
037 _cTextual
040 _aARTS
_cARTS
_beng
041 _2eng
_aeng
082 _aNW44,N:g(Y), N0
100 _aAgnihotri Ram Avatar
_952052
245 0 _aSocial and political study of modern Hindi Cinema
_b Past, present and future perspectives
260 _aNew Delhi
_bCommonwealth Pub
_c1990
300 _axiv,264p.
_ccm.
500 _aIncludes Bibliography
650 _aARTS
942 _hNW44,N:g(Y), N0
_cTEXL
_2CC
999 _c155027
_d155027